000 00561nam a2200181Ia 4500
003 IN-BaIIA
008 211028s9999 xx 000 0 eng d
040 _cIIA Library
080 _a53(03)
_bENC-LIV
245 0 _aEncyclopedia of physics
_bvol. 54
_cedited by S.Flugee
260 _aBerlin
_bSpringer-Verlag
_c1962
300 _avi, 308p.
650 _aAstronomy and Astrophysics Thesaurus
650 _aAstrophysics-Handbooks
650 _aHandbooks-Astrophysics
700 _aFlugge, S., ed.
_93091
942 _cBK
999 _c2044
_d2044